000
00213 a2200097 4500
001
21646
100
_a
Hammond, S. B.
245
_a
Electrical Engineering
260
_a
_b
McGraw-Hill
_c
1961
090
_c
15153
_d
15153
942
_a
NUST-CAE
_c
M
_c
5729
999
_c
256719
_d
256719